| 000 | 00710nam a2200217Ia 4500 | ||
|---|---|---|---|
| 003 | GCL | ||
| 008 | 140319s9999 xx 000 0 ara d | ||
| 020 | _a1038601597 | ||
| 040 |
_aGCL / _cGCL |
||
| 082 | 0 | 4 |
_a374.012 _bم أ |
| 100 | 1 | _aمحمد عمر الطنوبى | |
| 245 | 1 | 0 |
_aاساسيات تعليم الكبار / _cمحمد عمر الطنوبى |
| 260 |
_aالقاهرة : _bمكتبة بستان المعرفة ، _c2002 |
||
| 300 |
_a504 ص ؛ _c24 سم |
||
| 650 | 0 | 4 | _aتعليم الكبار |
| 650 | 0 | 4 | _aمحو الامية |
| 650 | 0 | 4 | _aالتعليم المستمر |
| 650 | 0 | 4 | _aالتعليم - اغراضه واهدافه |
| 650 | 0 | 4 | _aالتعليم - مصر |
| 942 |
_2ddc _cBK |
||
| 999 |
_c6230 _d6230 |
||